Sports Quiz

Random Sports or Golf Quiz

Ryder Cup Courses Quiz Stats

 Plays Quiz not verified by Sporcle

Score 0/38 Timer 06:00
0 Plays Today
Year Golf Course % Correct
1991Kiawah Island Golf Resort, Ocean Course
77.1%
1997Valderrama Golf Club
77.1%
2006The K Club, Palmer Course
77.1%
2010Celtic Manor Resort, Twenty Ten Course
77.1%
1961Royal Lytham & St Annes Golf Club
74.3%
1977Royal Lytham & St Annes Golf Club
74.3%
2008Valhalla Golf Club
74.3%
1985The Belfry, Brabazon Course
71.4%
1989The Belfry, Brabazon Course
71.4%
1993The Belfry, Brabazon Course
71.4%
2002The Belfry, Brabazon Course
71.4%
1973Muirfield Links
68.6%
1987Muirfield Village
68.6%
2004Oakland Hills Country Club, South Course
60%
1995Oak Hill Country Club, East Course
57.1%
1999The Country Club, Composite Course
57.1%
1951Pinehurst Resort, Course No. 2
51.4%
1953Wentworth Club
42.9%
1965Royal Birkdale Golf Club
42.9%
Year Golf Course % Correct
1969Royal Birkdale Golf Club
42.9%
1979The Greenbrier, The Greenbrier Course
40%
1981Walton Heath Golf Club
40%
1983PGA National Golf Club
37.1%
1931Scioto County Club
22.9%
1933Southport and Ainsdale Golf Club
17.1%
1937Southport and Ainsdale Golf Club
17.1%
1957Lindrick Golf Club
17.1%
1963Atlanta Athletic Club
17.1%
1967Champions Golf Club
17.1%
1975Laurel Valley Golf Club
17.1%
1927Worcester Country Club
14.3%
1929Moortown Golf Club
14.3%
1949Ganton Golf Club
14.3%
1935Ridgewood Country Club
5.7%
1947Portland Golf Club
2.9%
1955Thunderbird Country Club
2.9%
1971Old Warson Country Club
2.9%
1959Eldorado Golf Club
0%

You're not logged in!

Compare scores with friends on all Sporcle quizzes.
OR
Log In

Show Comments

Extras

Created Nov 2, 2010SourceReportNominate
Tags:Golf Quiz

Top Quizzes Today


Score Distribution

Your Account Isn't Verified!

In order to create a playlist on Sporcle, you need to verify the email address you used during registration. Go to your Sporcle Settings to finish the process.

Report this User

Report this user for behavior that violates our Community Guidelines.

Details: